000 00243nam a2200097Ia 4500
001 1075864
005 20250827002246.0
008 250824s9999 xx 000 0 und d
245 0 _aMİLYON SESLİ MIZIKA
_cALİ EMRE
260 _bKETEBE YAYINLARI
999 _c1075864
_d1075864